000 00750nam a2200253 i 4500
001 37908
003 ES-MaACL
005 20230906155649.0
007 t|
008 030224s1982 sp ||||1| spa d
020 _a84-320-5550-6
080 _a821.134.2-31"19"
100 1 _aBurgos, Antonio.
_932645
245 1 4 _aLas cabañuelas de agosto :
_bnovela /
_cAntonio Burgos.
250 _a1ª ed.
260 _aBarcelona :
_bPlaneta,
_c1982.
300 _a241 p. ;
_c19 cm.
490 1 _aAutores españoles e hispanoamericanos
490 1 _aCrónicas de don Guido ;
_v1
830 1 _aAutores españoles e hispanoamericanos
_9177795
830 1 _aCrónicas de don Guido ;
_v1
_9181744
852 4 _aES-MaACL
_jL-3757
999 _c37908
_d37908